Historia y civilización de los griegos / (Record no. 80213)

MARC details
000 -LEADER
campo de control de longitud fija 01540nam a2200289 i 4500
001 - NÚMERO DE CONTROL
campo de control 80213
003 - IDENTIFICADOR DE NÚMERO DE CONTROL
campo de control ES-MaACL
005 - FECHA Y HORA DE LA ÚLTIMA TRANSACCIÓN
campo de control 20230906174150.0
007 - CAMPO FIJO DE DESCRIPCIÓN FÍSICA--INFORMACIÓN GENERAL
campo de control de longitud fija t|
008 - DATOS DE LONGITUD FIJA--INFORMACIÓN GENERAL
campo de control de longitud fija 041027m19801984sp ||||1| spa d
020 ## - NÚMERO INTERNACIONAL ESTÁNDAR DEL LIBRO
Número Internacional Estándar del Libro 84-7426-078-7
080 ## - NÚMERO DE LA CLASIFICACIÓN DECIMAL UNIVERSAL
Número de la Clasificación Decimal Universal 008(38)
080 ## - NÚMERO DE LA CLASIFICACIÓN DECIMAL UNIVERSAL
Número de la Clasificación Decimal Universal 938
245 00 - MENCIÓN DEL TÍTULO
Título Historia y civilización de los griegos /
Mención de responsabilidad, etc. director, Ranuccio Bianchi Bandinelli ; redactores, Luigi Moretti ... [et al.] ; [traducción, Pepa Gasull ... et al.].
250 ## - MENCION DE EDICION
Mención de edición 1ª ed.
260 ## - PUBLICACIÓN, DISTRIBUCIÓN, ETC.
Lugar de publicación, distribución, etc. Barcelona :
Nombre del editor, distribuidor, etc. Icaria,
Fecha de publicación, distribución, etc. 1980-1984.
300 ## - DESCRIPCIÓN FÍSICA
Extensión 10 v. :
Otras características físicas il. ;
Dimensiones 24 cm.
504 ## - NOTA DE BIBLIOGRAFÍA, ETC.
Nota de bibliografía, etc. Bibliografía.
505 8# - NOTA DE CONTENIDO CON FORMATO
Nota de contenido con formato Contiene: I. Orígenes y desarrollo de la ciudad: el medioevo griego -- II. Orígenes y desarrollo de la ciudad: el arcaísmo -- III. Grecia en la época de Pericles: historia, literatura, filosofía -- IV. Grecia en la época de Pericles: las artes figurativas -- V. La crisis de la polis: historia, literatura, filosofía -- VI. La crisis de la polis: arte, religión, música -- VII. La sociedad helenística: marco político -- VIII. La sociedad helenística: economía, derecho, religión -- IX. La cultura helenística: filosofía, ciencia, literatura -- X. La cultura helenísitca: las artes figurativas
595 ## -
-- Ed. homenaje a Jaume Berenguer i Amenos (1916-1974)
650 #4 - PUNTO DE ACCESO ADICIONAL DE MATERIA--TÉRMINO DE MATERIA
Término de materia o nombre geográfico como elemento de entrada Civilización griega.
9 (RLIN) 137206
651 #4 - PUNTO DE ACCESO ADICIONAL DE MATERIA--NOMBRE GEOGRÁFICO
Nombre geográfico Grecia-
Subdivisión general Historia.
9 (RLIN) 8777
700 1# - ENTRADA AGREGADA--NOMBRE PERSONAL
Nombre de persona Bianchi Bandinelli, Ranuccio.
9 (RLIN) 28747
700 1# - ENTRADA AGREGADA--NOMBRE PERSONAL
Nombre de persona Moretti, Luigi.
9 (RLIN) 83488
700 1# - ENTRADA AGREGADA--NOMBRE PERSONAL
Nombre de persona Gasull, Pepa.
9 (RLIN) 55952
852 ## - LOCALIZACIÓN
Ubicación ES-MaACL
Número de control de estantería L-10038-47
Holdings
Estatus retirado Estado de pérdida Estado de daño No para préstamo Biblioteca de origen Biblioteca actual Ubicación en estantería Fecha de adquisición Fuente de adquisición Total de préstamos Signatura topográfica completa Código de barras Visto por última vez Precio de reemplazo Tipo de ítem Koha
        Biblioteca del Ateneo de Madrid Biblioteca del Ateneo de Madrid Depósito 2 17/01/2008     L-10038-47 1083868 23/02/2023 23/02/2023 Libro impreso